000 00596nam a2200229Ia 4500
003 OSt
005 20220928104411.0
006 a|||||r|||| 00| 0
007 ta
008 220927b |||||||| |||| 00| 0 eng d
024 _a130891
037 _cTextual
040 _aSDCL
_cSDCL
_beng
041 _2eng
_aeng
082 _aR4v'N, K6
100 _aMacintyre Alasdair
_9410275
245 0 _aA short history of Ethics .
260 _aNew York
_b Macmillan
_c1966
300 _a280p.
_ccm.
942 _hR4v'N, K6
_cTEXL
_2CC
999 _c725887
_d725887